| 000 | 00473nam a2200169 i 4500 | ||
|---|---|---|---|
| 001 | 30748 | ||
| 003 | ES-MaACL | ||
| 005 | 20251001063035.0 | ||
| 007 | t| | ||
| 008 | 030127s1912 sp ||||1| spa d | ||
| 100 | 1 |
_aBayo, Ciro, _d1859-1939 _926688 |
|
| 245 | 1 | 0 |
_aOrfeo en el infierno _b: (novela) / _cCiro Bayo. |
| 260 |
_aMadrid : _b[s.n.], _c1912 ( _fBailly BailliƩre) |
||
| 300 |
_a242 p. ; _c19 cm. |
||
| 852 |
_aES-MaACL _jF-4918 |
||
| 999 |
_c30748 _d30748 |
||